Learning Resource and Development

House painting : (Record no. 30083)

MARC details
000 -LEADER
fixed length control field 01138nam a2200289 n 4500
003 - CONTROL NUMBER IDENTIFIER
control field CSPC
005 - DATE AND TIME OF LATEST TRANSACTION
control field 20250818170622.0
008 - FIXED-LENGTH DATA ELEMENTS--GENERAL INFORMATION
fixed length control field 250818s2021 nyua 00| 0 eng d
020 ## - INTERNATIONAL STANDARD BOOK NUMBER
International Standard Book Number 9781641728133
040 ## - CATALOGING SOURCE
Transcribing agency CSPC
Original cataloging agency CSPC
Language of cataloging eng
Description conventions rda
050 04 - LIBRARY OF CONGRESS CALL NUMBER
Classification number TT320
Item number .H68 2021
082 04 - DEWEY DECIMAL CLASSIFICATION NUMBER
Classification number 698.1
Item number D286h
Edition number 23
100 1# - MAIN ENTRY--PERSONAL NAME
Personal name Davies, Jasper,
Relator term author.
245 10 - TITLE STATEMENT
Title House painting :
Remainder of title interior and exterior (a step-by-step guide) /
Statement of responsibility, etc. Jasper Davies.
264 #1 - PRODUCTION, PUBLICATION, DISTRIBUTION, MANUFACTURE, AND COPYRIGHT NOTICE
Place of production, publication, distribution, manufacture New York, NY :
Name of producer, publisher, distributor, manufacturer Larsen and Keller Education,
Date of production, publication, distribution, manufacture, or copyright notice 2021.
300 ## - PHYSICAL DESCRIPTION
Extent vi, 236 pages :
Other physical details color illustrations,
Dimensions 27 cm.
336 ## - CONTENT TYPE
Source rdacontent
Content type term text
337 ## - MEDIA TYPE
Source rdamedia
Media type term unmediated
338 ## - CARRIER TYPE
Source rdacarrier
Carrier type term volume
500 ## - GENERAL NOTE
General note Includes index.
505 0# - FORMATTED CONTENTS NOTE
Formatted contents note House painting basics -- Bathroom painting -- Kitchen painting -- Door painting -- Wall and ceiling painting -- Faux painting techniques.
650 #0 - SUBJECT ADDED ENTRY--TOPICAL TERM
Topical term or geographic name entry element House painting.
650 #0 - SUBJECT ADDED ENTRY--TOPICAL TERM
Topical term or geographic name entry element House painting
General subdivision Amateur's manuals.
650 #0 - SUBJECT ADDED ENTRY--TOPICAL TERM
Topical term or geographic name entry element Do-it-yourself work.
942 ## - ADDED ENTRY ELEMENTS (KOHA)
Source of classification or shelving scheme Dewey Decimal Classification
Suppress in OPAC No
Koha item type Books
Classification part 698.1
Item part D286h
Call number prefix ENG
Call number suffix 2021
Edition 23
Holdings
Withdrawn status Lost status Source of classification or shelving scheme Damaged status Not for loan Home library Current library Shelving location Date acquired Total Checkouts Full call number Barcode Date last seen Copy number Price effective from Koha item type
    Dewey Decimal Classification     Main Library Main Library Engineering Section 08/18/2025   ENG 698.1 D286h 2021 029997 08/18/2025 1-1 08/18/2025 Books